000 00849nam a2200253Ia 4500
003 OSt
005 20220918221348.0
006 a|||||r|||| 00| 0
007 ta
008 220917b |||||||| |||| 00| 0 eng d
024 _a149,529
037 _cTextual
040 _aARTS
_cARTS
_beng
041 _2eng
_aeng
082 _aTN37,15p2:N58, K0
110 _aEducation (Ministry of-) (India)
_96031
245 0 _aRegional seminars on the orientation of elementary schools towards the basic pattern
260 _c1960
490 _aConsolidated report of the four regional seminars on the orientation of elementary schools towards the basic pattern held in June-July, 1958
650 _aEDUCATION
700 _aEducation (Ministry of-) (India)
_96032
942 _hTN37,15p2:N58, K0
_cTEXL
_2CC
999 _c272195
_d272195